000 00603nam a2200253Ia 4500
008 210210b2011 xxu||||| |||| 00| 0 eng d
020 _a0195649540
041 _aeng
082 _a362.5 SENP
100 _aSEN (Amartya)
245 _aPoverty and famines: an essay on entitlement and deprivation
260 _aNew Delhi
_bOxford University Press
_c2011
300 _aix,257
650 _aPoverty
650 _aon
650 _afamines:
650 _aessay
650 _aentitlement
650 _adeprivation
650 _aand
650 _aan
690 _aPoverty
906 _a066491
999 _c147781
_d147781